00539nam a2200121Ia 4500008004100000082001800041100000900059245010000068260004100168365000800209630010000217730010000317100415s9999 xx 000 0 und d b19297a614.71 aANON aCleaner air and better transport in cities making informed choices: ONE COPY FOR REFERENCE ONLY c2000bTATA ENERGY RESEARCH INSTITUTE b150 aCleaner air and better transport in cities making informed choices: ONE COPY FOR REFERENCE ONLY aCleaner air and better transport in cities making informed choices: ONE COPY FOR REFERENCE ONLY